Marketing communications management analysis, planning, implementation
Guardat en:
| Autor principal: | |
|---|---|
| Format: | Llibre |
| Idioma: | anglès |
| Publicat: |
SAGE
2014
|
| Etiquetes: |
Afegir etiqueta
Sense etiquetes, Sigues el primer a etiquetar aquest registre!
|
MARC
| LEADER | 00000nam a22000007a 4500 | ||
|---|---|---|---|
| 008 | 201207b ||||| |||| 00| 0 eng d | ||
| 020 | |a 978-0-85702-787-0 | ||
| 100 | |a COPLEY, Paul | ||
| 245 | |a Marketing communications management |b analysis, planning, implementation |c Paul Copley |g xv, 464p.; ill | ||
| 250 | |b 2nd | ||
| 260 | |b SAGE |c 2014 |h Los Angeles |i 693213 |l HF5415.123 .C79 |m Communication in marketing. |m Marketing – Management. |m Communication in marketing – Textbooks |m Marketing – Management – Textbooks | ||
| 500 | |a “It includes bibliographical references and index'' | ||
| 942 | |a lcc |c BK |e O.A.JOHNSON |f 07/12/20 | ||
| 952 | |0 0 |1 0 |2 lcc |4 0 |6 HF5415123 C79 |7 0 |9 113 |a HOL |b HOL |c GJ |d 2020-12-07 |i HF5415.123 .C79 |l 0 |o HF5415.123 .C79 |p 2020-0076 |r 2020-12-07 00:00:00 |w 2020-12-07 |y BK | ||
| 999 | |c 37 |d 37 | ||